Famous Sarahs - Statistics

General Stats
  • This quiz has been taken 3,917 times
  • The average score is 6 of 11
Answer Stats
Hint Answer % Correct
VP candidate and maverick Sarah Palin
94%
"Sex and the City" Sarah Jessica Parker
88%
She was Buffy Sarah Michelle Gellar
74%
The Duchess of York Sarah Ferguson
70%
Robots from the future wanted to kill her son Sarah Connor
58%
American food company Sara Lee
57%
"Jesus is Magic" comedienne Sarah Silverman
35%
Book character who is above average height and not beautiful Sarah Plain and Tall
31%
Canadian singer-songwriter who founded Lilith Fair Sarah McLachlan
27%
Liberal arts college in New York state Sarah Lawrence
26%
"Sassy" jazz singer Sarah Vaughan
15%
No matching quizzes found
Score Distribution
Percent of People with Each Score
Percentile by Number Answered
Your Score History
You have not taken this quiz